| 000 | 02792nam a2200433Ii 4500 | ||
|---|---|---|---|
| 001 | DIGBN02661 | ||
| 003 | NyNyDIG | ||
| 006 | m o d | ||
| 007 | cr ||||||||||| | ||
| 008 | 100625s2007 sp ob 000 0bspa d | ||
| 020 | _z8497427521 | ||
| 020 | _z9788497427524 | ||
| 040 |
_aDGITA _beng _epn _cDGITA |
||
| 043 | _ae-sp--- | ||
| 050 | 0 | 4 | _aDP236.S3 eBook |
| 245 | 0 | 0 |
_aNicolás Salmerón y el republicanismo parlamentario / _cFernando Martínez López (Ed.). |
| 264 | 1 |
_aMadrid : _bBiblioteca Nueva, _cc2007. |
|
| 300 | _a1 online resource (304 pages) | ||
| 336 |
_atext _btxt _2rdacontent |
||
| 337 |
_acomputer _bc _2rdamedia |
||
| 338 |
_aonline resource _bcr _2rdacarrier |
||
| 490 | 1 | _aColección Historia Biblioteca Nueva | |
| 504 | _aIncludes bibliographical references (p. 321-333). | ||
| 505 | 0 | _aPresentación -- 1. De la subversión a la política / Carlos Dardé -- 2. Nicolás Salmerón y Alonso y el centrismo republicano / Juan Manuel Díaz Sánchez -- 3. La filosofía del sexenio democrático (1868-1874) / Antonio Heredia Soriano -- 4. Las enseñanzas del exilio. Nicolás Salmerón en París (1876-1885) / Fernando Martínez López -- 5. Republicanismo federal y Salmerón: encuentros y desencuentros / Per e Gabriel. -- 6. La unión republicana de 1903 ¿eslabón o gozne? / Ángel Duarte -- 7. Krausismo e institucionismo en los márgenes de la vida política / Octavio Ruiz-Manjón -- 8. El institucionismo y la cultura política republicana en la Restauración / Manuel Suárez Cortina -- 9. Una interpretación republicana del siglo xrx. La "Historia de la Revolución española" de V. Blasco-Ibáñez / Ramiro Reig -- 10. El republicanismo en Andalucía hasta la Segunda República (1868-1931) / Fernando Arcas Cubero -- 11. Republicanismo y masonería en Andalucía. Una aproximación / Leandro Álvarez Rey -- 12. Rendimientos políticos del republicanismo en la actualidad / Ramón Vargas-Machuca Ortega -- 13. Republicanismo y corporatismo / Manuel Pérez Yruela -- Índice onomástico. | |
| 600 | 1 | 0 |
_aSalmerón y Alonso, Nicolás, _d1838-1908 _xPolitical and social views. |
| 600 | 1 | 0 |
_aSalmerón y Alonso, Nicolás, _d1838-1908 _xPhilosophy. |
| 650 | 0 |
_aPolitical science _zSpain. |
|
| 650 | 0 |
_aRepublicanism _zSpain. |
|
| 651 | 0 |
_aSpain _xPolitics and government _y1886-1931. |
|
| 655 | 0 | _aElectronic books. | |
| 700 | 1 |
_aSalmerón y Alonso, Nicolás, _d1838-1908. |
|
| 700 | 1 |
_aMartínez López, Fernando, _d1949- |
|
| 791 | 2 |
_aDigitalia (Firm), _edistributor. |
|
| 830 | 0 | _aColección Historia (Biblioteca Nueva (Firm)). | |
| 793 | 0 |
_gDigitalia eBook Collection: _aBiblioteca Nueva |
|
| 856 | 4 | 0 |
_3Digitalia Hispánica _uhttps://www.digitaliapublishing.com/a/5355/ |
| 910 | _aPremium Collection: 2007-2012 | ||
| 942 | _cRAA | ||
| 999 |
_c231146 _d231146 |
||